LEADER 01182nam a2200277 u 4500 001 000000000541 003 CaOOAMICUS 005 20070226104218.0 008 940517s1966 it u000 u ita u 035 $a10010057 040 $aPUL(R)$bita$dPUL(R) 100 1 $aBasciani, Duilio.$0(OLS)http://pul/name/595 245 10$aErminio Juvalta e l'etica della giustizia /$cDuilio Basciani. 260 $aRoma [etc.] :$bDesclée & C.,$c1966. 300 $axi, 131 p. ;$c25 cm 500 $aComprende indici. 504 $aBibliografia in nota. 600 14$aJuvalta, Erminio,$d1863-1934.$0(OLS)http://pul/subject/559 650 4$aEtica e diritto.$0(OLS)http://pul/subject/482 850 $aPUL 852 $aPUL$W1$xDP1 Fondo Giannini$y60$m1562 F 5$j659$nBK-PRI$b $qFondi$B659$CPULBib$Z2$F659 $H $81 852 $aPUL$W1$xSL Filosofia 1$y2$m92 E 33$j660$nBK-PRI$b $qStampati$B660$CPULBib$Z2$F660 $H $81 941 1 $a8 961 $aINV: 31061 996 $6245$aErminio Juvalta e l'etica della giustizia$9(OLS)http://pul/title/732 996 $6260$aRoma [etc.] :$bDesclée & C.$9(OLS)http://pul/publisher/48177 LEADER 00929nam a2200241 u 4500 001 000000047585 003 CaOOAMICUS 005 20070226114912.0 008 991201s1996 it u000 u ita u 035 $a10836680 040 $aPUL$bita 100 1 $aModa, Aldo.$0(OLS)http://pul/name/5752 245 10$aReligione e Religioni oggi /$cAldo Moda. 260 $aCosenza :$bLionello Giordano Editore,$c1996. 300 $a103 p. ;$c24 cm 490 1 $aOrizzonti 650 4$aReligioni$xStoria.$0(OLS)http://pul/subject/130 830 0$aOrizzonti.$0(OLS)http://pul/title/47701 850 $aPUL 852 $aPUL$W1$xDP1 Cons. Gen., Altre Classi 1$y22$m780 C 58$j63564$nBK-PRI$b $qStampati$B63564$CPULBib$Z2$F63564 $H $81 941 1 $a8 996 $6245$aReligione e Religioni oggi$9(OLS)http://pul/title/64073 996 $6260$aCosenza :$bLionello Giordano Editore$9(OLS)http://pul/publisher/53961